| 000 | 00799nam 22002413 4500 | ||
|---|---|---|---|
| 001 | 199782 | ||
| 090 | _a199782 | ||
| 100 | _a20260108d u||y0pory50 ba | ||
| 200 |
_aUm pouco mais de azul _ea evolução cósmica _fHubert Reeves _gtradução Armando da Silva Branco ; revisão Jorge Branco |
||
| 210 |
_aLisboa _cGradiva _dcop.1981 |
||
| 215 |
_a257, [4] p. _cbrochado _d21 cm |
||
| 225 |
_aCiência aberta _v2 |
||
| 606 |
_92190 _aAstronomia. Astrofísica. Pesquisa Espacial.Geodésia |
||
| 610 | _aEstrelas--Sistemas Estrelares | ||
| 610 | _aUniverso | ||
| 675 |
_a52 _vPT _zpor |
||
| 675 |
_a524 _vPT _zpor |
||
| 700 |
_915585 _aReeves _bHubert _f1932-2023 |
||
| 702 |
_915586 _aBranco _bArmando da Silva |
||
| 702 |
_915558 _aBranco _bJorge |
||
| 801 |
_aPT _bBMMN _gRPC |
||
| 830 |
_cAna _fAna |
||
| 990 | _cLIVROS | ||